| 000 | 00648nam a22002177a 4500 | ||
|---|---|---|---|
| 003 | OSt | ||
| 005 | 20130610100820.0 | ||
| 008 | 130531s1999 sp ||||| |||| 00| 0 cat d | ||
| 020 | _a8479355956 | ||
| 040 | _cCDMR | ||
| 100 | 1 |
_93621 _aMiret, Santiago |
|
| 245 | 1 | 1 |
_a"L'Escut", una revista a l'Arbeca dels anys 20 _cSantiago Miret i Bellmunt ; pròleg de Ramon Barnils |
| 260 |
_aLleida _bPagès _c1999 |
||
| 300 | _a94 p. | ||
| 490 | 0 |
_aRetalls _v1 |
|
| 610 | 2 |
_93627 _aL'Escut (Revista) _xHistòria |
|
| 650 | 0 | 4 |
_92769 _aRevistes _zCatalunya |
| 650 | 0 | 4 |
_93717 _aPremsa comarcal _zCatalunya |
| 700 | 1 |
_9186 _aBarnils, Ramon _epr. |
|
| 942 |
_2udc _cMON |
||
| 999 |
_c6380 _d6380 |
||